Statistics for Largest Rivers

Click here to take the quiz!

General Stats

  • This quiz has been taken 145 times
  • The average score is 7 of 20

Answer Stats

DischargeRiver% Correct
209,000Amazon
99%
16,792Mississippi
85%
30,166Yangtze
68%
41,200Congo
67%
14,800Mekong
60%
13,159Ganges
57%
12,475Ob
44%
16,871Lena
36%
22,000Paraná
36%
33,000Orinoco
24%
19,600Yenisei
23%
19,300Brahmaputra
18%
13,600Pearl
16%
28,400Rio Negro
9%
31,200Madeira
8%
13,600Tocantins
4%
14,366Japurá
1%
42,470Padma
1%
13,000Ayeyarwady
0%
15,500Madre de Dios
0%

Score Distribution

Percentile by Number Answered

Percent of People with Each Score

Your Score History

You have not taken this quiz